[Event "Rubinstein Memorial op-D 57th"]
[Site "Polanica Zdroj"]
[Date "2021.08.17"]
[Round "4"]
[White "Witkowski, Krzysztof"]
[Black "Rosa, Antoni"]
[Result "1/2-1/2"]
[WhiteElo "1776"]
[BlackElo "1578"]
[PlyCount "60"]
[EventDate "2021.08.14"]
[EventType "swiss"]
[EventRounds "9"]
[EventCountry "POL"]
[SourceTitle "CBM 204 Extra"]
[Source "ChessBase"]
[SourceDate "2021.11.30"]
[SourceVersion "1"]
[SourceVersionDate "2021.11.30"]
[SourceQuality "1"]

1. e4 e6 2. d4 d5 3. Nc3 dxe4 4. Nxe4 Be7 5. Nf3 Nd7 6. Bd3 Ngf6 7. Ng3 0-0 8. 0-0 b6 9. Ne5 Bb7 10. c4 c5 11. Be3 cxd4 12. Bxd4 Nxe5 13. Bxe5 Nd7 14. Bc3 Bf6 15. Qc2 h6 16. Ne4 Bxc3 17. Qxc3 Qc7 18. f4 Nc5 19. Nxc5 Qxc5+ 20. Rf2 Rfd8 21. Rd1 Be4 22. Rdd2 Bxd3 23. Rxd3 Rxd3 24. Qxd3 Rc8 25. b3 Rc6 26. g3 Rd6 27. Qe2 Qd4 28. Kg2 Qd3 29. Qxd3 Rxd3 30. Kf1 Kf8 1/2-1/2

[Event "Polanica Zdroj op-C 56th"]
[Site "Polanica Zdroj"]
[Date "2020.08.22"]
[Round "8"]
[White "Witkowski, Krzysztof"]
[Black "Grot, Blazej"]
[Result "1-0"]
[WhiteElo "1791"]
[BlackElo "1768"]
[PlyCount "103"]
[EventDate "2020.08.15"]
[EventType "swiss"]
[EventRounds "9"]
[EventCountry "POL"]
[SourceTitle "CBM 198 Extra"]
[Source "ChessBase"]
[SourceDate "2020.11.30"]
[SourceVersion "1"]
[SourceVersionDate "2020.11.30"]
[SourceQuality "1"]

1. e4 c5 2. d4 cxd4 3. c3 Nf6 4. e5 Nd5 5. Qxd4 e6 6. Nf3 Nc6 7. Qe4 f5 8. Qe2 b5 9. g3 Bb7 10. Bg2 Qc7 11. 0-0 a6 12. Re1 g6 13. Nbd2 Bg7 14. Nb3 Nce7 15. Nbd4 Nb6 16. Ng5 Bxg2 17. Kxg2 h6 18. Nh3 0-0 19. f4 Ned5 20. Be3 Qb7 21. Kg1 Rac8 22. a3 Nxe3 23. Qxe3 Nd5 24. Qd2 Qb6 25. Nf2 Rc4 26. Rad1 Rfc8 27. Nc2 g5 28. Ne3 gxf4 29. Nxd5 exd5 30. Qxd5+ Kh8 31. e6 fxg3 32. hxg3 dxe6 33. Rxe6 Qa7 34. Qd7 Qc5 35. Rd5 Qf8 36. Rxf5 Qxf5 37. Rxh6+ Bxh6 38. Qxf5 Rf8 39. Qe5+ Bg7 40. Qh5+ Kg8 41. Ne4 Rc7 42. Ng5 Rf6 43. Qh7+ Kf8 44. Qe4 Kg8 45. Qd5+ Rcf7 46. Nxf7 Rxf7 47. Qa8+ Bf8 48. Qxa6 Bc5+ 49. Kg2 Rf2+ 50. Kh3 Rxb2 51. Qg6+ Kh8 52. Qh5+ 1-0

[Event "Rubinstein Memorial-C 55th"]
[Site "Polanica Zdroj"]
[Date "2019.08.19"]
[Round "3"]
[White "Zalega, Maciej"]
[Black "Witkowski, Krzysztof"]
[Result "1/2-1/2"]
[WhiteElo "1429"]
[BlackElo "1707"]
[PlyCount "90"]
[EventDate "2019.08.17"]
[EventType "swiss"]
[EventRounds "9"]
[EventCountry "POL"]
[SourceTitle "EXT 2020"]
[Source "ChessBase"]
[SourceDate "2019.10.17"]
[SourceVersion "1"]
[SourceVersionDate "2019.10.17"]
[SourceQuality "1"]

1. e4 c5 2. Nf3 Nc6 3. d4 cxd4 4. Nxd4 Nf6 5. Nc3 e5 6. Ndb5 d6 7. Nd5 Nxd5 8. exd5 Nb8 9. a4 Be7 10. Be2 0-0 11. 0-0 f5 12. f4 a6 13. Na3 Nd7 14. Nc4 e4 15. a5 b5 16. axb6 Nxb6 17. Na5 Qc7 18. Be3 Bf6 19. c3 Bd7 20. Qb3 Rfb8 21. Bxb6 Rxb6 22. Qc4 Qa7 23. Kh1 Bb5 24. Qa2 Bxe2 25. Nc6 Qb7 26. Rfe1 Rxb2 27. Qa3 Bh5 28. Qxd6 Bf7 29. Rac1 Rc8 30. h3 Kh8 31. c4 Qc7 32. Qxc7 Rxc7 33. Ne5 Bxe5 34. fxe5 Kg8 35. e6 Be8 36. d6 Rcb7 37. Rcd1 Rb8 38. d7 Rd8 39. Rd5 g6 40. c5 Rc2 41. Ra1 Kf8 42. Rxa6 Ke7 43. c6 e3 44. Kg1 Rc1+ 45. Kh2 e2 1/2-1/2

[Event "EU-ch rapid"]
[Site "Wroclaw"]
[Date "2014.12.20"]
[Round "1"]
[White "Popov, Valerij"]
[Black "Witkowski, Krzysztof"]
[Result "1-0"]
[WhiteElo "2555"]
[BlackElo "1888"]
[PlyCount "91"]
[EventDate "2014.12.20"]
[EventType "swiss (rapid)"]
[EventRounds "11"]
[EventCountry "POL"]
[SourceTitle "CBM 164 Extra"]
[Source "ChessBase"]
[SourceDate "2015.03.02"]
[SourceVersion "1"]
[SourceVersionDate "2015.03.02"]
[SourceQuality "1"]

1. d4 d5 2. c4 e6 3. Nf3 c6 4. e3 f5 5. Bd3 Nf6 6. 0-0 Bd6 7. b3 Qe7 8. Bb2 0-0 9. Qc1 Ne4 10. Ba3 Nd7 11. Bxd6 Qxd6 12. Qa3 Qxa3 13. Nxa3 b6 14. Rac1 Bb7 15. Rc2 Rac8 16. Rfc1 a6 17. h3 h6 18. Nb1 g5 19. Nc3 Kg7 20. Na4 b5 21. Nc3 Nxc3 22. Rxc3 b4 23. R3c2 a5 24. a3 Ra8 25. Ra2 a4 26. axb4 axb3 27. Rb2 Ra3 28. cxd5 exd5 29. Rc3 Kf6 30. Rcxb3 Rfa8 31. b5 c5 32. dxc5 Nxc5 33. Rxa3 Rxa3 34. Be2 Ne4 35. Nd4 Rc3 36. Rc2 Rxc2 37. Nxc2 Ke5 38. Nd4 f4 39. Bd3 Nc5 40. Bc2 fxe3 41. fxe3 Ne6 42. Nxe6 Kxe6 43. Kf2 Ke5 44. Bd1 d4 45. exd4+ Kxd4 46. Bf3 1-0

[Event "Wroclaw Anderssen Memorial op 22nd"]
[Site "Wroclaw"]
[Date "2013.06.29"]
[Round "5"]
[White "Witkowski, Krzysztof"]
[Black "Domaradzka Zyla, Anna"]
[Result "1/2-1/2"]
[WhiteElo "1889"]
[BlackElo "2017"]
[PlyCount "45"]
[EventDate "2013.06.29"]
[EventType "swiss (rapid)"]
[EventRounds "9"]
[EventCountry "POL"]
[SourceTitle "CBM 155 Extra"]
[Source "ChessBase"]
[SourceDate "2013.08.26"]
[SourceVersion "1"]
[SourceVersionDate "2013.08.26"]
[SourceQuality "1"]

1. e4 c5 2. d4 cxd4 3. c3 d3 4. Bxd3 g6 5. Nf3 Bg7 6. 0-0 Nc6 7. h3 d6 8. Re1 Nf6 9. Bg5 h6 10. Be3 0-0 11. Na3 b6 12. Qd2 Kh7 13. Rad1 Bb7 14. c4 Qd7 15. Bb1 Rfd8 16. Nb5 Rac8 17. b3 Qe8 18. Nfd4 a6 19. Nxc6 Bxc6 20. Na7 Rb8 21. Nxc6 Qxc6 22. Bd4 Rdc8 23. Qb2 1/2-1/2

[Event "Warsaw AIG Life rapid 9th"]
[Site "Warsaw"]
[Date "2009.12.19"]
[Round "1"]
[White "Witkowski, Krzysztof"]
[Black "Zubov, Alexander"]
[Result "0-1"]
[WhiteElo "1838"]
[BlackElo "2581"]
[PlyCount "102"]
[EventDate "2009.12.19"]
[EventType "swiss (rapid)"]
[EventRounds "13"]
[EventCountry "POL"]
[SourceTitle "CBM 133 Extra"]
[Source "ChessBase"]
[SourceDate "2010.01.05"]
[SourceVersion "1"]
[SourceVersionDate "2010.01.05"]
[SourceQuality "1"]

1. e4 d6 2. d4 Nf6 3. f3 Nc6 4. d5 Ne5 5. c4 c6 6. Nc3 Qb6 7. Qb3 Qa5 8. Be3 g6 9. Qa4 Qxa4 10. Nxa4 Bg7 11. Nc3 0-0 12. Be2 b5 13. cxb5 cxd5 14. exd5 Bb7 15. Rd1 Rfc8 16. Nh3 Nc4 17. Bc1 Nd7 18. 0-0 Nxb2 19. Bxb2 Bxc3 20. Bxc3 Rxc3 21. Rd2 Nb6 22. Nf4 g5 23. Nh3 h6 24. f4 f6 25. fxg5 hxg5 26. Bf3 Nc4 27. Re2 Ne5 28. Be4 Rc5 29. Rd1 Rxb5 30. Nf2 Kg7 31. Rc2 Rc8 32. Rxc8 Bxc8 33. h3 Rb2 34. a4 Bd7 35. Ra1 a5 36. Nd3 Rd2 37. Nxe5 fxe5 38. Bf3 Rd4 39. Kf2 Rxa4 40. Rc1 Kf6 41. Rc7 Bf5 42. Ra7 Ra3 43. g4 e4 44. Be2 Bg6 45. Ra8 e3+ 46. Kf3 Ke5 47. Ra7 Be4+ 48. Kg3 Kf6 49. Bc4 Ra1 50. Ra8 Rg1+ 51. Kh2 Rg2+ 0-1